Statistics for Egyptian Gods and Goddesses

Click here to take the quiz!

General Stats

  • This quiz has been taken 12,650 times
    (6,822 since last reset)
  • The average score is 6 of 13

Answer Stats

Hint Deity % Correct
God of the sunRa
94%
Goddess of motherhood, magic, and funerary ritesIsis
74%
God of the deadOsiris
67%
God of mummification. Depicted with the head of a wolfAnubis
64%
God of kingship and the sky. Depicted with the head of a falconHorus
50%
God of chaosSet
46%
Goddess with the head of a catBastet
38%
Patron god of the city of Thebes, he merged with the above and
became King of the Gods
Amun
33%
Originally a moon god, later a god of wisdom and measurement.
Depicted with the head of an ibis
Thoth
28%
Goddess of the skyNut
23%
Goddess of warrior and healing. Depicted with head of a lionSekhmet
21%
Goddess of love and music. A sky goddess, she is often
represented with a headdress of cow horns
Hathor
19%
God of craftsmen and architects. Father of ImhotepPtah
14%

Score Distribution

Percentile by Number Answered

Percent of People with Each Score

Your Score History

You have not taken this quiz since the last reset